| 000 | 00692cam a22002417a 4500 | ||
|---|---|---|---|
| 001 | 16306827 | ||
| 005 | 20180227053009.0 | ||
| 008 | 100628s2005 ohua 000 0 eng d | ||
| 010 | _a 2010280162 | ||
| 020 | _a1883822386 (pbk.) | ||
| 020 | _a9781883822385 (pbk.) | ||
| 035 | _a(OCoLC)ocn317067554 | ||
| 040 |
_aCTN _cCTN _dDLC |
||
| 041 | _aeng | ||
| 042 | _alccopycat | ||
| 080 | _a574 DON | ||
| 100 | 1 | _a12 | |
| 101 | _aKIM | ||
| 245 | 1 | 4 |
_aThe chemistry of soil analysis / _cby Donald A. Storer. |
| 906 |
_a7 _bcbc _ccopycat _d2 _encip _f20 _gy-gencatlg |
||
| 942 |
_2ddc _cBK |
||
| 999 |
_c43568 _d43568 |
||